La piel /
Guardado en:
| Autor Principal: | |
|---|---|
| Formato: | |
| Series: | El Cuerpo Viviente
|
| Materias: | |
| Etiquetas: |
Agregar Etiqueta
Sin Etiquetas, Sea el primero en etiquetar este registro!
|
| LEADER | 01057ngm a22003135g 4500 | ||
|---|---|---|---|
| 001 | CEM.cems021696 | ||
| 008 | 130507b1992##################0###0#####d | ||
| 005 | 20240904150801.0 | ||
| 245 | 1 | 0 | |a La piel / |c Christiaan Barnard. |
| 300 | |a 25 | ||
| 490 | 0 | |a El Cuerpo Viviente | |
| 500 | |a En soporte VHS, consultar en ventanilla. | ||
| 505 | 0 | |a La piel: dimensiones, pigmento. Funciones en el cuerpo humano. Vello. Terminaciones nerviosas, células y glándulas. El tacto. Estímulos sensoriales: olfato, gusto (detectores de la pie). El dolor. | |
| 538 | |a Soporte: VHS - Norma: Pal N - Color - Grabación DRD 1992 - Hitachi=1480 | ||
| 100 | 1 | |a Barnard, Christiaan | |
| 082 | 6 | 1 | |/ BAR-3 |
| 653 | |a ANATOMIA | ||
| 653 | |a FISIOLOGIA | ||
| 653 | |a BIOLOGIA | ||
| 653 | |a PIEL | ||
| 653 | |a TACTO | ||
| 653 | |a SENTIDOS | ||
| 653 | |a CUERPO HUMANO | ||
| 653 | |a CELULAS NERVIOSAS | ||
| 653 | |a OLFATO | ||
| 653 | |a GUSTO | ||
| 653 | |a DOLOR | ||
| 653 | |a NIVEL SECUNDARIO | ||
| 859 | |a CEMS |b BIB. CEMS - Depto. Recursos Didacticos |h 611 |i BAR-3 |k DRD |p 339.12 |t Ej.1 | ||
